| 000 | 00454nam a2200181Ia 4500 | ||
|---|---|---|---|
| 001 | 13858 | ||
| 005 | 20260306164832.0 | ||
| 008 | 260306t1999||||xx |||||||||||||| ||spa|| | ||
| 041 | _aESP | ||
| 082 |
_a005.369VB _bK84 |
||
| 100 |
_aKruglinski, David J. _eAUT |
||
| 245 | 0 | _aProgramación avanzada con microsoft visual C++ 6.0 | |
| 260 | _c1999 | ||
| 300 |
_a1058 pƔginas : _c23 cm. |
||
| 650 | _aGEN | ||
| 654 | _aCCC | ||
| 942 |
_cLIB _dJUS _fJUS _2ddc _n |
||
| 999 |
_c13858 _d13858 |
||